000 01022nam a22002057a 4500
999 _c63402
_d63402
003 Ge_BSU
005 20250930164347.0
008 250930s1971 ge ||||| |||| 00| 0 geo d
041 _ageo
080 _a635:338.436(479.22) ჭ-34
100 _aჭელიძე, სერგო
_925908
245 _aბოსტნეული-ბაღჩეული პროდუქციის წარმოების გადაადგილება და სპეციალიზაცია /
_cსერგო ჭელიძე.
264 _aთბილისი :
_b საბჭ. საქართველო,
_c1971.
300 _a81 გვ. :
_bილ. ;
_c20 სმ
653 _aმებოსტნეობა
653 _aმებაღჩეობა
653 _aსოფლის მეურნეობის გადაადგილება.
653 _aსოფლის მეურნეობის სპეციალიზაცია
942 _2udc
_cᲬᲘᲒᲜᲘ